Top 100 Best Movies of the 1990s - Statistics

General Stats
  • This quiz has been taken 103 times
  • The average score is 32 of 100
Answer Stats
Rank Movie Year Director % Correct
1 Pulp Fiction 1994 Quentin Tarantino
94%
19 Titanic 1997 James Cameron
84%
8 Jurassic Park 1993 Steven Spielberg
75%
7 Reservoir Dogs 1992 Quentin Tarantino
74%
12 Schindler's List 1993 Steven Spielberg
74%
4 Goodfellas 1990 Martin Scorsese
73%
5 Forrest Gump 1994 Robert Zemeckis
72%
3 Se7en 1995 David Fincher
71%
10 The Shawshank Redemption 1994 Frank Darabont
68%
21 Edward Scissorhands 1990 Tim Burton
65%
2 Fight Club 1999 David Fincher
65%
61 Braveheart 1995 Mel Gibson
64%
72 Star Wars: Episode I - The Phantom Menace 1999 George Lucas
64%
6 The Matrix 1999 Lilly Wachowski and Lana Wachowski
61%
38 Dances with Wolves 1990 Kevin Costner
60%
15 Terminator 2: Judgment Day 1991 James Cameron
60%
24 Fargo 1996 Joel Coen and Ethan Coen
59%
9 The Silence of the Lambs 1991 Jonathan Demme
59%
35 Saving Private Ryan 1998 Steven Spielberg
56%
16 Casino 1995 Martin Scorsese
55%
30 La vita è bella 1997 Roberto Benigni
53%
74 The Godfather: Part III 1990 Francis Ford Coppola
52%
18 Eyes Wide Shut 1999 Stanley Kubrick
51%
37 Toy Story 1995 John Lasseter
51%
99 Toy Story 2 1999 John Lasseter, Ash Brannon and Lee Unkrich
51%
29 American Beauty 1999 Sam Mendes
49%
63 The Sixth Sense 1999 M. Night Shyamalan
49%
36 Unforgiven 1992 Clint Eastwood
49%
14 Heat 1995 Michael Mann
48%
45 Jackie Brown 1997 Quentin Tarantino
47%
25 The Green Mile 1999 Frank Darabont
47%
13 The Big Lebowski 1998 Joel Coen and Ethan Coen
46%
78 Scream 1996 Wes Craven
45%
33 Léon: The Professional 1994 Luc Besson
44%
77 JFK 1991 Oliver Stone
42%
42 Trainspotting 1996 Danny Boyle
42%
17 The Usual Suspects 1995 Bryan Singer
41%
41 Good Will Hunting 1997 Gus Van Sant
40%
20 The Lion King 1994 Roger Allers and Rob Minkoff
38%
51 Batman Returns 1992 Tim Burton
35%
49 Die Hard with a Vengeance 1995 John McTiernan
33%
39 The Nightmare Before Christmas 1993 Henry Selick
33%
52 Magnolia 1999 Paul Thomas Anderson
31%
85 The Piano 1993 Jane Campion
29%
11 The Truman Show 1998 Peter Weir
28%
67 Boogie Nights 1997 Paul Thomas Anderson
27%
60 Aladdin 1992 John Musker and Ron Clements
26%
75 Back to the Future Part III 1990 Robert Zemeckis
26%
40 Groundhog Day 1993 Harold Ramis
26%
100 Philadelphia 1993 Jonathan Demme
26%
76 The Virgin Suicides 1999 Sofia Coppola
26%
28 The Thin Red Line 1998 Terrence Malick
25%
23 American History X 1998 Tony Kaye
24%
64 Bram Stoker's Dracula 1992 Francis Ford Coppola
24%
87 Hook 1991 Steven Spielberg
24%
58 The Fifth Element 1997 Luc Besson
24%
59 Thelma and Louise 1991 Ridley Scott
24%
92 Sleepy Hollow 1999 Tim Burton
22%
98 Beauty and the Beast 1991 Gary Trousdale and Kirk Wise
21%
90 Crash 1996 David Cronenberg
21%
70 Ed Wood 1994 Tim Burton
20%
31 La Haine 1995 Mathieu Kassovitz
20%
47 Twin Peaks: Fire Walk with Me 1992 David Lynch
20%
91 Wild at Heart 1990 David Lynch
20%
79 L.A. Confidential 1997 Curtis Hanson
19%
27 Lost Highway 1997 David Lynch
19%
53 Starship Troopers 1997 Paul Verhoeven
19%
66 Total Recall 1990 Paul Verhoeven
19%
26 Twelve Monkeys 1995 Terry Gilliam
16%
69 Barton Fink 1991 Joel Coen and Ethan Coen
15%
22 Carlito's Way 1993 Brian De Palma
15%
62 Funny Games 1997 Michael Haneke
15%
84 True Romance 1993 Tony Scott
14%
83 Fear and Loathing in Las Vegas 1998 Terry Gilliam
13%
95 Mulan 1998 Barry Cook and Tony Bancroft
13%
55 Dead Man 1995 Jim Jarmusch
12%
48 Perfect Blue 1997 Satoshi Kon
12%
94 Sátántangó 1994 Béla Tarr
12%
65 The Bridges of Madison County 1995 Clint Eastwood
12%
68 The Mask 1994 Chuck Russell
12%
57 Chung Hing sam lam 1995 Wong Kar-Wai
9%
56 Festen 1998 Thomas Vinterberg
7%
32 Gattaca 1997 Andrew Niccol
7%
80 Ghost Dog: The Way of the Samurai 1999 Jim Jarmusch
7%
46 Kurenai no Buta 1992 Hayao Miyazaki
7%
93 Dark City 1998 Alex Proyas
6%
50 Ghost in the Shell 1995 Mamoru Oshii
6%
81 In the Mouth of Madness 1995 John Carpenter
6%
43 Hana-bi 1997 Takeshi Kitano
5%
34 La Cité de la peur 1994 Alain Berbérian
5%
54 Le Dîner de cons 1998 Francis Veber
5%
82 Les Visiteurs 1993 Jean-Marie Poiré
5%
44 C'est arrivé près de chez vous 1992 Rémy Belvaux, André Bonzel and Benoît Poelvoorde
4%
86 Last Action Hero 1993 John McTiernan
4%
71 Cyrano de Bergerac 1990 Jean-Paul Rappeneau
2%
89 Jacob's Ladder 1990 Adrian Lyne
2%
73 La Classe américaine 1993 Michel Hazanavicius and Dominique Mézerette
2%
88 Sonatine 1993 Takeshi Kitano
2%
97 Do lok tin si 1995 Wong Kar-Wai
1%
96 Kikujirô no natsu 1999 Takeshi Kitano
1%
No matching quizzes found
Score Distribution
Percent of People with Each Score
Percentile by Number Answered
Your Score History
You have not taken this quiz